Statistiques concernant Top 15 - Les Femmes les plus sexy des Comics

Cliquez ici pour prendre le quiz!

Statistiques générales

  • Ce quiz a été pris 553 fois
  • Le résultat moyen est 4 sur 15

Statistiques - réponses

RangRéponse% Correct
4Wonder Woman
82%
2Catwoman
75%
3Black Widow
50%
7Supergirl
38%
13Harley Quinn
35%
9Poison Ivy
35%
11Jean Grey
25%
15Tornade
22%
5Malicia
17%
14Mystique
17%
10Black Canary
14%
6Chatte Noire
12%
1Emma Frost
9%
12Power Girl
8%
8Psylocke
5%

Distribution des résultats

Percentile par nombre de réponses

% des personnes avec chaque résultat

Votre développement - résultats

Vous n’avez pas pris ce quiz